000 00619nam a2200205Ii 4500
003 JO-AjNU
008 230605s9999||||xx |||||||||||||| ||und||
040 _aJO-AjNU
_bara
_erda
_cJO-AjNU
041 _aara
050 1 4 _aDS63.6.J65 2006
100 3 _aجمعة، حسين,
_eauthor
_917619
245 0 0 _aمشروع القومية العربية الى اين ؟
250 _aط1
264 3 1 _aدمشق: دار الفرقد، 2006
300 _a256ص
336 _atext
_btxt
_2rdacontent
337 _aunmediated
_bn
_2rdamedia
338 _avolume
_bnc
_2rdacarrier
650 4 _aالقومية العربية
_917620
999 _aA5479
_c9047
_d9047